Online
Catalog

Un novelista español : (Record no. 48803)

MARC details
000 -CABECERA
campo de control de longitud fija 00936nam a22002417a 4500
003 - IDENTIFICADOR DEL NÚMERO DE CONTROL
campo de control OSt
005 - FECHA Y HORA DE LA ÚLTIMA TRANSACCIÓN
campo de control 20210420152337.0
008 - DATOS DE LONGITUD FIJA--INFORMACIÓN GENERAL
campo de control de longitud fija 200902b || 00| 0 spa dr
040 ## - FUENTE DE LA CATALOGACIÓN
Centro catalogador/agencia de origen DO-SdBNP
Lengua de catalogación spa
Centro/agencia transcriptor BNPHU
082 #4 - NÚMERO DE LA CLASIFICACIÓN DECIMAL DEWEY
Número de edición LEMB
Número de clasificación 928.61
Número de documento/Ítem B644b
100 1# - ENTRADA PRINCIPAL--NOMBRE DE PERSONA
Nombre de persona Berenguer, Magali
9 (RLIN) 76579
Código de función/relación
245 13 - MENCIÓN DE TÍTULO
Título Un novelista español :
Resto del título Vicente Basco Ibáñez /
Mención de responsabilidad, etc. Magali Berenguer, Javier Aiguebella, Joaquín Lledó ; coordinación Reina Torres
260 ## - PUBLICACIÓN, DISTRIBUCIÓN, ETC.
Lugar de publicación, distribución, etc. Santo Domingo :
Fecha de publicación, distribución, etc. 2006
Nombre del editor, distribuidor, etc. Centro Cultural de España,
300 ## - DESCRIPCIÓN FÍSICA
Extensión 63 p. :
Otras características físicas il., retr. ;
Material acompañante/anejo 26 cm
500 ## - NOTA GENERAL
Nota general Exposición del 24 de octubre al 12 de diciembre de 2006
600 ## - PUNTO DE ACCESO ADICIONAL DE MATERIA--NOMBRE DE PERSONA
Nombre de persona Blasco Ibañez, Vicente,
Fechas asociadas al nombre 1867-1928
Subdivisión de forma Biografías
9 (RLIN) 76580
650 #7 - PUNTO DE ACCESO ADICIONAL DE MATERIA--TÉRMINO DE MATERIA
Término de materia o nombre geográfico como elemento de entrada Autores españoles
9 (RLIN) 632
Subdivisión de forma Exposiciones
Subdivisión cronológica Siglo XX
650 #7 - PUNTO DE ACCESO ADICIONAL DE MATERIA--TÉRMINO DE MATERIA
Término de materia o nombre geográfico como elemento de entrada
Subdivisión de forma
9 (RLIN) 76584
700 ## - PUNTO DE ACCESO ADICIONAL--NOMBRE DE PERSONA
Nombre de persona Lledó, Joaquín
9 (RLIN) 76581
700 ## - PUNTO DE ACCESO ADICIONAL--NOMBRE DE PERSONA
Nombre de persona Javier, Joaquín
9 (RLIN) 76582
700 ## - PUNTO DE ACCESO ADICIONAL--NOMBRE DE PERSONA
Nombre de persona Torres Aiguebella, Reina
Término indicativo de función/relación coor.
9 (RLIN) 76583
942 ## - ELEMENTOS DE PUNTO DE ACCESO ADICIONAL (KOHA)
Fuente del sistema de clasificación o colocación Dewey Decimal Classification
Tipo de ítem Koha Libros y folletos
Holdings
Estado de retiro Estado de pérdida Fuente del sistema de clasificación o colocación No para préstamo Código de colección Localización permanente Ubicación/localización actual Fecha de adquisición Fuente de adquisición Total de préstamos Código de barras Fecha visto por última vez Número de copia Precio válido a partir de Tipo de ítem Koha Restricciones de uso
    Dewey Decimal Classification Préstamo restrigido Monografías: Libros y Folletos Biblioteca Nacional Pedro Henríquez Ureña Biblioteca Nacional Pedro Henríquez Ureña 02.09.2020 Deposito legal   2020-0042 02.09.2020 e.2 02.09.2020 Libros y folletos  
    Dewey Decimal Classification   Monografías: Libros y Folletos Biblioteca Nacional Pedro Henríquez Ureña Biblioteca Nacional Pedro Henríquez Ureña 02.09.2020 Deposito legal   2020-0041 02.09.2020   02.09.2020 Libros y folletos  
    Dewey Decimal Classification   Monografías: Libros y Folletos Biblioteca Nacional Pedro Henríquez Ureña Biblioteca Nacional Pedro Henríquez Ureña 02.09.2020 Deposito legal   2020-0043 02.09.2020 e.3 02.09.2020 Libros y folletos  

Powered by Koha